Tiki Taka Toe #2 - European Football - Statistics

General Stats
  • This quiz has been taken 1,104 times
  • The average score is 6 of 9
Answer Stats
Category 1 Category 2 # Players Answered % Correct
Porto Real Madrid 10 Alberto Bueno | Ricardo Carvalho | Casemiro | Iker Casillas | Danilo | Juan Esnáider | Éder Militão | Pepe | James Rodríguez | Carlos Secretário
87%
Arsenal Real Madrid 9 Emmanuel Adebayor | Nicolas Anelka | José Antonio Reyes | Júlio Baptista | Dani Ceballos | Lassana Diarra | Mesut Özil | Martin Ødegaard | Davor Šuker
72%
Netherlands Real Madrid 8 John Metgod | Clarence Seedorf | Ruud van Nistelrooy | Wesley Sneijder | Arjen Robben | Royston Drenthe | Rafael van der Vaart | Klaas-Jan Huntelaar
71%
Porto Euro Winners 10 Giourkas Seitaridis | Iker Casillas | Bruno Alves | Ricardo Carvalho | Danilo Pereira | João Moutinho | Pepe | Ricardo Quaresma | Vieirinha | Jorginho
70%
Arsenal Euro Winners 13 John Jensen | Nicolas Anelka | Thierry Henry | Emmanuel Petit | Robert Pirès | Patrick Vieira | Sylvain Wiltord | Santi Cazorla | Cesc Fàbregas | Cédric Soares | Jorginho | David Raya | Mikel Merino
67%
Netherlands Juventus 7 Edgar Davids | Edwin van der Sar | Eljero Elia | Matthijs de Ligt | Mohamed Ihattaren | Dean Huijsen | Teun Koopmeiners
66%
Netherlands Euro Winners 20 Hans van Breukelen | Joop Hiele | Adrie van Tiggelen | Sjaak Troost | Ronald Koeman | Berry van Aerle | Wim Koevermans | Frank Rijkaard | Wilbert Suvrijn | Aron Winter | Gerald Vanenburg | Arnold Mühren | Ruud Gullit | Erwin Koeman | Jan Wouters | John Bosman | John van 't Schip | Marco van Basten | Wim Kieft | Hendrie Krüzen
61%
Arsenal Juventus 15 Wojciech Szczesny | Stephan Lichtsteiner | Nicklas Bendtner | Patrick Vieira | Nicolas Anelka | Armand Traoré | Alex Manninger | Stephy Mavididi | David Platt | Thierry Henry | Liam Brady | Aaron Ramsey | Lina Hurtig | Pauline Peyraud-Magnin | Neto
56%
Porto Juventus 9 Jorge Andrade | Rui Barros | Danilo | Diego | Juan Esnáider | Dani Osvaldo | Alex Sandro | Francisco Conceição | Tiago Djaló
38%
No matching quizzes found
Score Distribution
Percent of People with Each Score
Percentile by Number Answered
Your Score History
You have not taken this quiz